| 000 | 00842nam a22002537a 4500 | ||
|---|---|---|---|
| 003 | DO-SdBNP | ||
| 005 | 20171129104343.0 | ||
| 008 | 150817s 2005 dr spa d | ||
| 040 |
_aBPMSU _bspa _cBPMSU |
||
| 082 |
_axxx _bxxx |
||
| 100 | 1 | _aAstacio, Abel | |
| 245 | 1 | 0 |
_aUnfaithful spouses / _cAbel Astacio |
| 260 |
_aRepública Dominicana : _bGráfica William, _c2005. |
||
| 300 |
_a139 p : _c22 cm. |
||
| 650 | 4 |
_aEDUCACIÓN CÍVICA _xENSEÑANZA SECUNDARIA |
|
| 650 | 4 |
_aEDUCACIÓN SECUNDARIA _zREPÚBLICA DOMINICANA |
|
| 650 | 4 |
_aEDUCACIÓN ÍVICA _xLIBROS DE TEXTOS |
|
| 650 | 4 |
_aCÍVICA _xESTUDIOS Y EJERCICIOS |
|
| 650 | 4 |
_aEDUCACIÓN CÍVICA _xEDUCACIÓN SECUNDARIA |
|
| 910 | _aValidado. Control de calidad MFF | ||
| 942 |
_2ddc _cBK |
||
| 945 | _aInventariado extranjero / 2017 YL | ||
| 956 |
_aYLOCKWARD _b10 _c20171129 _d00144 |
||
| 999 |
_c13204 _d13204 |
||